| 000 | 00620nam a2200193 i 4500 | ||
|---|---|---|---|
| 001 | 134247 | ||
| 003 | ES-MaACL | ||
| 005 | 20231102063034.0 | ||
| 007 | t| | ||
| 008 | 070907s1959 sp ||||1| spa d | ||
| 100 | 1 |
_aWassermann, Jakob, _d1873-1934 _9116154 |
|
| 245 | 1 | 0 |
_aGolovin y el crimen mágico / _cJakob Wassermann ; [versión castellana de F. Oliver Brachfeld y Alfredo Cahn]. |
| 260 |
_aBarcelona : _bG. P., _c[1959] |
||
| 300 |
_a128 p. ; _c17 cm. |
||
| 700 | 1 |
_aOliver Brachfeld, F. _986832 |
|
| 700 | 1 |
_aCahn, Alfredo. _933446 |
|
| 852 |
_aES-MaACL _jC-17085 _bR.44546 |
||
| 999 |
_c134247 _d134247 |
||